| 000 | 00457nam a2200181Ia 4500 | ||
|---|---|---|---|
| 003 | GCL | ||
| 008 | 140319s9999 xx 000 0 eng d | ||
| 040 |
_aGCL / _cGCL |
||
| 082 | 0 | 4 |
_a932 _bB S |
| 100 | 1 | _aSPENCER, JEFFREY | |
| 245 | 1 | 0 |
_aASPECTS OF EARLY EGYPT / _cSPENCER, JEFFREY |
| 260 |
_a[S.N] : _bBRITISH MUSEUM PRESS ، _c1996 |
||
| 300 | _a174 P | ||
| 650 | 0 | 4 | _aHISTORY - EGYPT |
| 650 | 0 | 4 | _aEGYPT |
| 650 | 0 | 4 | _aANCIENT EGYPT |
| 942 |
_2ddc _cBK |
||
| 999 |
_c14431 _d14431 |
||